000 00252nam a2200109Ia 4500
100 _aPrabhudesai/S.R./ Margaj/C.J.
942 _cBK
245 _aMarathi-English Dictionary
260 _bNavneet publication
_aMumbai
300 _a800
546 _aENGLISH
999 _c33942
_d33942